| 000 | 00415cam a2200181ua 4500 | ||
|---|---|---|---|
| 020 | _c3.00 | ||
| 041 |
_ahin _h |
||
| 082 |
_a891.54 _bILA/PA |
||
| 100 | _aIlachandra , Joshi . | ||
| 245 |
_aParde ki rani / _cIlachandra Joshi. _hTextual Documents |
||
| 260 |
_a : _bBharati Bhandar. |
||
| 300 | _a222 ; . | ||
| 365 | _a3.00 | ||
| 504 | _a | ||
| 942 | _cBK | ||
| 999 |
_c8254 _d8254 |
||